Ресторантьорство (Запис номер 131556)
[ съкратено ]
| 000 -Лидер | |
|---|---|
| Контролно поле с фиксирана дължина | 01410nam a2200361 c 4500 |
| 003 - Код на организацията, давaща контролен номер | |
| Контролно поле | BLK |
| 005 - Дата и час на последна редакция | |
| Контролно поле | 20211009154248.0 |
| 008 - Елементи от данни с фиксирана дължина | |
| fixed length control field | 180409b bul|||||r ||||||| ||bul|| |
| 010 ## - Наследен системен номер | |
| LC control number | KNG00137379000 |
| 020 ## - Международен стандартен номер на книга ISBN | |
| Международен стандартен номер на книга ISBN | 978-954-9930-67-2 |
| -- | издат.: Матком |
| 040 ## - Източник на каталожния запис | |
| Идентификатор на билиотеката - собственик на записа | BLK |
| 041 ## - Код за език | |
| Код за езика на текст/звукозапис или на отделно заглавие | Български |
| Код за езика КДБФ | Български |
| 072 #7 - Код за тематичната категория | |
| Код организация | bullib |
| Код за тематична категория | Н62 |
| Текст | Приложни науки. Техника Н |
| 080 ## - УДК | |
| Текстов определител УДК | Столове, ресторанти, кафенета, бюфети и др. |
| УДК код - определител по УДК | 640.43 |
| УДК определител | (075) |
| УДК - код + определител | 640.43(075) |
| 100 1# - Редна дума - Автор | |
| Автор | Тодоров, Димчо Тодоров |
| Авторска отговорност | първи автор |
| R(LIN) | 304782 |
| 139 ## - Редно поле | |
| Редна дума | Тодоров, Димчо Тодоров |
| Авторски знак | Тодо - Т 64 |
| 245 10 - Сведения за заглавието | |
| Заглавие | Ресторантьорство |
| Редно поле (дума) | Димчо Тодоров Тодоров. |
| 257 ## - Страна на издаване | |
| Страна на създаване/издаване | България |
| 260 ## - Област на издателските данни | |
| -- | София |
| Име на издателя, разпространителя и проч. | Матком |
| Година на издаване | 2010 |
| Печатница | София : Изток-Запад |
| 300 ## - Физическа характеристика | |
| Страници | 248 с. |
| Илюстрации и др. | с ил. |
| Размери/Мащаб | 24 см |
| 380 ## - Жанр | |
| Жанр | Техника |
| 500 ## - Общи забележки | |
| Забележка | Библиогр. с. 247 |
| 650 #4 - Допълнително описание по предмет – тема | |
| Основно описание – тема или топоним | Ресторанти, сладкарници, кафенета и др. - управление и организация - учебници |
| 9 (RLIN) | 305703 |
| 653 ## - Ключова дума – ненормативна | |
| Ключова дума | ресторанти |
| 653 ## - Ключова дума – ненормативна | |
| Ключова дума | ресторантьорство |
| 653 ## - Ключова дума – ненормативна | |
| Ключова дума | учебни помагала |
| 659 ## - Тематичен бюлетин | |
| Тематичен бюлетин | Н |
| 852 ## - Местоположение | |
| Форматна сигнатура | Цб 257482 |
| 856 4# - Електронен адрес и достъп | |
| Електронен формат | pdf - файл |
| Път до файла /url/ | |
| 856 4# - Електронен адрес и достъп | |
| Електронен формат | pdf - файл |
| Път до файла /url/ | |
| 942 ## - АРТИКУЛИ | |
| Вид на библиотечния материал | Книги |
| Скрит в OPAC | Не |
| Koha issues (borrowed), all copies | 11 |
| 944 ## - СЪЗДАВАНЕ И РЕДАКЦИЯ на ЗАПИСА | |
| Създаване/Редакция | Създаване |
| Дата на регистрацията/редакция | 15.12.2012 |
| Служител, извършил регистрацията/редакцията | Пенка_Димитрова |
| 944 ## - СЪЗДАВАНЕ И РЕДАКЦИЯ на ЗАПИСА | |
| Създаване/Редакция | Редакция |
| Дата на регистрацията/редакция | 29.01.2013 |
| Служител, извършил регистрацията/редакцията | |
| 999 ## - СИСТЕМНИ КОНТРОЛНИ НОМЕРА | |
| Koha biblionumber | 131556 |
| Koha biblioitemnumber | 131556 |
| Код за отписване | Код за изгубен артикул | Код за повреда | Коз за рестрикции | Код за отдаване | Артикулен № | Име на библиотеката - собственик | Име на библиотеката, в която се намира в момента | Статус (Текущо местоположение) | Дата на вписване в системата | Местоположение - отдел | Цена в лева | Инвентарен номер | Систематично азбучна сигнатура | Баркод | Номер на екземпляра | Цена в евро | Служебна бележка | Служебен тип на артикула | Източник на класификационната схема |
|---|---|---|---|---|---|---|---|---|---|---|---|---|---|---|---|---|---|---|---|
| Не е изгубен | Не е повреден | без рестрикции | заемане за дома | 214646 | Регионална библиотека "Любен Каравелов" Русе | Регионална библиотека "Любен Каравелов" Русе | Заемна - подръчен фонд | 2012-12-16 | Заемна - подръчен фонд | 12.90 | 120000762491 | П 64/Т 64 | 120000762491 | 1 | 6.60 | Дост: Pk Вид: Ф N: 336 Дата: 10.12.2012 Дата инв: 07.02.2018 Бележки инв: П2018 | Книги | ||
| Не е изгубен | Не е повреден | без рестрикции | заемане за дома | 214647 | Регионална библиотека "Любен Каравелов" Русе | Регионална библиотека "Любен Каравелов" Русе | Заемна - подръчен фонд | 2012-12-16 | Заемна - подръчен фонд | 12.90 | 120000762492 | П 64/Т 64 | 120000762492 | 2 | 6.60 | Дост: Pk Вид: Ф N: 336 Дата: 10.12.2012 | Книги | Universal Decimal Classification | |
| Не е изгубен | Не е повреден | без рестрикции | ползва се в читалня | 214648 | Регионална библиотека "Любен Каравелов" Русе | Регионална библиотека "Любен Каравелов" Русе | Хранилище | 2013-01-29 | Хранилище | 12.90 | 120000763215 | Цб 257482 | 120000763215 | 3 | 6.60 | Дост: Dp Вид: Д N: 41 Дата: 10.10.2011 | Книги |